01736cam a2200349 i 450000500170000000800410001701500170005802000150007504000230009004100080011304300120012108200180013310000260015124501520017726000420032930000630037150400420043465000570047665000660053365000710059965000700067065000560074065000580079670000330085470000360088771000750092394200150099894900120101399900150102595201730104095201730121320160131112858.0030426s2001 ck abd r 00010 spa d ack-2001-xxxx a9589205461 ala cladCO-BoIAVH0 aspa as-ck---04a551.48 bP43e1 aRoldan Perez, Gabriel10aEstudio limnológico de los recursos hídricos del parque de piedras blancas /cGabriel Roldan Perez, Jose Andres Pasada y Juan Carlos Gutierrez. aBogota : bEditora Guadalupe, c2001. a152 páginas : bilustraciones, mapas y cuadros ;c23 cm. aIncluye referencias bibliográficas.14aLimnologíaz Piedras Blancas (Antioquia, Colombia)24aEcologia de agua dulcez Piedras Blancas (Antioquia,Colombia)24aFitoplancton de agua dulcez Piedras Blancas (Antioquia, Colombia)24aZooplancton de agua dulcez Piedras Blancas (Antioquia, Colombia)24aZooplanctonz Piedras Blancas (Antioquia, Colombia)24aInvertebradosz Piedras Blancas (Antioquia, Colombia)1 aPosada, Jose Andres,eautor.1 aGutierrez, Juan Carlos.eautor.2 aAcademia Colombiana de Ciencias Exactas, Fisicas y Naturalesc(Bogota) 2ddccLIBRO ac bc c2538d2538 00102ddc40708GENERALIINV2017aBogotabBogotad2002-02-08eInstitutog39000.00l0oLB-551.48 P43ep003135r2012-12-04 00:00:00tEj. 1w2012-12-04xDonaciónyLIBRO 00102ddc40708GENERALIINV2017aVenadobVenadod2004-02-06eInstitutog39000.00l0oLB-551.48 P43ep015273r2012-12-04 00:00:00tEj. 2w2012-12-04xDonaciónyLIBRO